UBT Library

Baseball : (Record no. 42726)

000 -LEADER
fixed length control field 00960cam a2200241 a 4500
001 - CONTROL NUMBER
control field 2052528
005 - DATE AND TIME OF LATEST TRANSACTION
control field 20180216033340.0
008 - FIXED-LENGTH DATA ELEMENTS--GENERAL INFORMATION
fixed length control field 931008s1994 nyua b 001 0 eng
010 ## - LIBRARY OF CONGRESS CONTROL NUMBER
LC control number 93039809
020 ## - INTERNATIONAL STANDARD BOOK NUMBER
International Standard Book Number 0679404597 :
Terms of availability $60.00 ($75.00 Can.)
040 ## - CATALOGING SOURCE
Original cataloging agency DLC
Transcribing agency DLC
Modifying agency DLC
041 ## - LANGUAGE CODE
Language code of text/sound track or separate title eng
043 ## - GEOGRAPHIC AREA CODE
Geographic area code n-us---
080 ## - UNIVERSAL DECIMAL CLASSIFICATION NUMBER
Universal Decimal Classification number 796.3570973 war
082 00 - DEWEY DECIMAL CLASSIFICATION NUMBER
Classification number 796.3570973 war
Edition number 20
100 1# - Rafti
Rafti 16
101 ## - Shkurtesa
Shkurtesa his
245 10 - TITLE STATEMENT
Title Baseball :
Statement of responsibility, etc narrative by Geoffrey C. Ward ; based on a documentary filmscript by Geoffrey C. Ward and Ken Burns ; preface by Ken Burns and Lynn Novick ; with an introduction by Roger Angell ; contributions by John Thorn ... [et al.].
504 ## - BIBLIOGRAPHY, ETC. NOTE
Bibliography, etc Includes bibliographical references (p. 471-472) and index.
906 ## - LOCAL DATA ELEMENT F, LDF (RLIN)
a 7
b cbc
c orignew
d 1
e ocip
f 19
g y-gencatlg
942 ## - ADDED ENTRY ELEMENTS (KOHA)
Source of classification or shelving scheme
Item type Books
Holdings
Withdrawn status Lost status Source of classification or shelving scheme Damaged status Not for loan Collection code Permanent location Current location Shelving location Date acquired Total Checkouts Full call number Barcode Date last seen Price effective from Koha item type
          Koleksioni i përgjithshem UBT - Lipjan UBT - Lipjan Koleksioni i përgjithshem 02/16/2018   796.3570973 war 002-2997277 02/16/2018 02/16/2018 Books
UBT Library © 2015-2024. All rights reserved University Education for Business and Technology